Pokémon - Les attaques de Oniglali - Statistiques

Statistiques générales
  • Ce quiz a été pris 21 fois
  • Le résultat moyen est 11 sur 17
Statistiques - réponses
Niveaux Types Noms des attaques % Correct
Départ Glace Glaciation
92%
Niveau 68 Glace Blizzard
83%
Niveau 35 Ténèbres Morsure
83%
Niveau 25 Glace Vent Glace
83%
Évolution Glace Lyophilisation
75%
Niveau 61 Ténèbres Mâchouille
75%
Départ Glace Poudreuse
75%
Niveau 20 Normal Abri
67%
Départ Normal Coup d'Boule
67%
Niveau 40 Glace Crocs Givre
67%
Départ Spectre Étonnement
67%
Départ Normal Groz'Yeux
67%
Niveau 15 Glace Éclats Glace
58%
Niveau 30 Glace Souffle Glacé
58%
Départ Normal Reflet
33%
Niveau 47 Glace Chute de Neige
25%
Niveau 54 Normal Ball'Météo
8%
Aucun quiz correspondant
Distribution des résultats
% des personnes avec chaque résultat
Percentile par nombre de réponses
Votre historique - résultats
Vous n’avez pas pris ce quiz